5HLuxD.jpg

KING HENRY VIII SENIOR AND PRIMARY SCHOOL LIBRARY OPAC

Ancient Maya inside out / (Record no. 1484)

000 -LEADER
fixed length control field 01736cam a2200361 i 4500
001 - CONTROL NUMBER
control field 19451050
003 - CONTROL NUMBER IDENTIFIER
control field OSt
005 - DATE AND TIME OF LATEST TRANSACTION
control field 20221230151537.0
008 - FIXED-LENGTH DATA ELEMENTS--GENERAL INFORMATION
fixed length control field 170113s2017 oncab j b 001 0 eng
010 ## - LIBRARY OF CONGRESS CONTROL NUMBER
LC control number 2017001248
020 ## - INTERNATIONAL STANDARD BOOK NUMBER
International Standard Book Number 9780778728924 (pbk. : alk. paper)
040 ## - CATALOGING SOURCE
Original cataloging agency DLC
Language of cataloging eng
Transcribing agency DLC
Description conventions rda
Modifying agency DLC
-- KH8
042 ## - AUTHENTICATION CODE
Authentication code pcc
043 ## - GEOGRAPHIC AREA CODE
Geographic area code nc-----
-- n-mx---
082 00 - DEWEY DECIMAL CLASSIFICATION NUMBER
Classification number 972.6 STU
Edition number 23
100 1# - MAIN ENTRY--PERSONAL NAME
Personal name Stuckey, Rachel,
Relator term author.
245 10 - TITLE STATEMENT
Title Ancient Maya inside out /
Statement of responsibility, etc. Rachel Stuckey.
264 #1 - PRODUCTION, PUBLICATION, DISTRIBUTION, MANUFACTURE, AND COPYRIGHT NOTICE
Place of production, publication, distribution, manufacture St. Catharines, Ontario ;
-- New York, New York :
Name of producer, publisher, distributor, manufacturer Crabtree Publishing Company,
Date of production, publication, distribution, manufacture, or copyright notice [2017]
300 ## - PHYSICAL DESCRIPTION
Extent 32 pages :
Other physical details color illustrations, color map ;
Dimensions 28 cm.
336 ## - CONTENT TYPE
Content type term text
Content type code txt
Source rdacontent
337 ## - MEDIA TYPE
Media type term unmediated
Media type code n
Source rdamedia
338 ## - CARRIER TYPE
Carrier type term volume
Carrier type code nc
Source rdacarrier
490 0# - SERIES STATEMENT
Series statement Ancient Worlds Inside Out
504 ## - BIBLIOGRAPHY, ETC. NOTE
Bibliography, etc. note Includes bibliographical references (page 31) and index.
505 0# - FORMATTED CONTENTS NOTE
Formatted contents note Who were the ancient Maya? -- Digging up the past -- Mesoamerica -- Maya governments -- Everyday people -- Food and farming -- Science and technology -- The Maya builders -- Language and literature -- Gods and the afterlife -- Trade and warfare -- The decline of the Maya -- Count like the Maya.
650 #0 - SUBJECT ADDED ENTRY--TOPICAL TERM
Topical term or geographic name entry element Mayas
Form subdivision Juvenile literature.
651 #0 - SUBJECT ADDED ENTRY--GEOGRAPHIC NAME
Geographic name Mexico
General subdivision Civilization
Form subdivision Juvenile literature.
651 #0 - SUBJECT ADDED ENTRY--GEOGRAPHIC NAME
Geographic name Central America
General subdivision Civilization
Form subdivision Juvenile literature.
776 08 - ADDITIONAL PHYSICAL FORM ENTRY
Relationship information Online version:
Main entry heading Stuckey, Rachel, author.
Title Ancient Maya inside out
Place, publisher, and date of publication St. Catharines, Ontario : Crabtree Publishing Company, [2017]
International Standard Book Number 9781427118486
Record control number (DLC) 2017002222
906 ## - LOCAL DATA ELEMENT F, LDF (RLIN)
a 7
b cbc
c orignew
d 1
e ecip
f 20
g y-gencatlg
942 ## - ADDED ENTRY ELEMENTS (KOHA)
Source of classification or shelving scheme
Koha item type Books - Non Ficton
Holdings
Withdrawn status Lost status Source of classification or shelving scheme Damaged status Not for loan Collection code Permanent Location Current Location Shelving location Date acquired Total Checkouts Full call number Barcode Date last seen Date last checked out Price effective from Koha item type
          Non-Fiction KH8 Primary School Library KH8 Primary School Library Non Fiction 2022-12-30 1 972.6 STU KHPL000003264 2025-12-05 2024-11-27 2022-12-30 Books - Non Ficton

Powered By KH8 IT Dept